| 000 | 01016nam a22003137a 4500 | ||
|---|---|---|---|
| 003 | CHAP | ||
| 005 | 20220329133827.0 | ||
| 008 | 971013s1988 r 00010 d | ||
| 010 | _a11471 | ||
| 011 | _a12443 | ||
| 035 | _a15629 | ||
| 040 | _cCHAP | ||
| 100 | 0 | 0 |
_aNava Sánchez, Tomás. _980483 |
| 245 |
_aResistencia a la sequía XXV _b: fotosíntesis y transpiación de Solanum cardiophyllum Lind |
||
| 260 |
_aMontecillo, Méx. : _bEl autor, _c1988 |
||
| 300 |
_a86 h. _b; gráfs. |
||
| 500 | _aD14-64 | ||
| 590 |
_aBATCH-UPD _b10 _c20130110 _lUCH01 _h1821 |
||
| 590 |
_aBATCH-UPD _b10 _c20130410 _lUCH01 _h1155 |
||
| 590 |
_aBATCH-UPD _b10 _c20130914 _lUCH01 _h1433 |
||
| 590 |
_aCONVERSION _b10 _c20130109 _lUCH01 _h1308 |
||
| 650 | 1 | 4 |
_aFotosíntesis. _942737 |
| 650 | 1 | 4 |
_aPapita guera _xResistencia a sequía. _985416 |
| 650 | 1 | 4 |
_aPlantas _xTranspiración. _988892 |
| 901 | _aBK | ||
| 942 | _cFOLL | ||
| 949 |
_bBC _cTES _d-27837 _eTS1 _h20865 _i15629 _si |
||
| 949 |
_bBC _cTES _d-87641 _eTS2 _fc.2 _h20866 _i15629 _si |
||
| 999 |
_c11471 _d11471 |
||